| 000 | 01115nam a22002777a 4500 | ||
|---|---|---|---|
| 003 | dpl | ||
| 005 | 20180911132123.0 | ||
| 008 | 180911b xxu||||| |||| 00| 0 eng d | ||
| 010 | _aA-922341 | ||
| 020 | _c80.00 | ||
| 035 | _aA-922341, A-922368 | ||
| 037 | _bCen Lib/Ret | ||
| 040 |
_aDPL _bHN _c0 |
||
| 082 |
_a921 _bबलोदी |
||
| 100 |
_aबलोदी, अनसूर्याप्रसाद _945068 |
||
| 245 |
_aदिल्ली का चिराग़ / _cअनसूर्याप्रसाद बलोदी |
||
| 246 |
_aDilli ka chirag / _bby Ansuryaprasad Balodi |
||
| 260 |
_aदिल्ली _bमौलिक साहित्य प्रकाशन _c1997 |
||
| 270 |
_bदिल्ली _a162 डी, कमला नगर _e110007 |
||
| 300 |
_a84पृ. _c20सेमी(सजिल्द) |
||
| 650 |
_aहिन्दी -- साहित्य _976981 |
||
| 650 |
_aहिन्दी -- पद्य _91413 |
||
| 650 |
_aHindi literature _976982 |
||
| 650 |
_aHindi - Verse _976983 |
||
| 942 |
_2ddc _cHN _h921 _mबलोदी |
||
| 999 |
_c117820 _d117820 |
||